Discurso leído en la Universidad Literaria de Sevilla en la... inauguración del curso académico de 1900 á 1901 / (Record no. 164769)

MARC details
000 -LEADER
campo de control de longitud fija 00712nam a22001935i 4500
001 - NÚMERO DE CONTROL
campo de control 164769
003 - IDENTIFICADOR DE NÚMERO DE CONTROL
campo de control ES-MaACL
005 - FECHA Y HORA DE LA ÚLTIMA TRANSACCIÓN
campo de control 20250814015829.0
008 - DATOS DE LONGITUD FIJA--INFORMACIÓN GENERAL
campo de control de longitud fija 050805s1900 sp | |||||||| ||spa d
080 ## - NÚMERO DE LA CLASIFICACIÓN DECIMAL UNIVERSAL
Número de la Clasificación Decimal Universal 58
100 1# - ENTRADA PRINCIPAL--NOMBRE DE PERSONA
Nombre de persona Sanz Agud, Serafín.
9 (RLIN) 132459
245 10 - MENCIÓN DEL TÍTULO
Título Discurso leído en la Universidad Literaria de Sevilla en la... inauguración del curso académico de 1900 á 1901 /
Mención de responsabilidad, etc. por Serafín Sanz y Agud.
260 ## - PUBLICACIÓN, DISTRIBUCIÓN, ETC.
Lugar de publicación, distribución, etc. Sevilla :
Nombre del editor, distribuidor, etc. [s.n.],
Fecha de publicación, distribución, etc. 1900 (
Fabricante Fernando de Santiago)
300 ## - DESCRIPCIÓN FÍSICA
Extensión 51 p. ;
Dimensiones 31 cm.
650 #7 - PUNTO DE ACCESO ADICIONAL DE MATERIA--TÉRMINO DE MATERIA
Término de materia o nombre geográfico como elemento de entrada Botánica
Fuente del encabezamiento o término embne
9 (RLIN) 10610
710 2# - ENTRADA AGREGADA--NOMBRE DE ENTIDAD CORPORATIVA
Nombre de entidad corporativa o nombre de jurisdicción como elemento de entrada Universidad Literaria de Sevilla.
9 (RLIN) 7391
852 4# - LOCALIZACIÓN
Ubicación ES-MaACL
Número de control de estantería T-1022-F-1
Nota libre - Enc. hol., conservando cub. original
Holdings
Estatus retirado Estado de pérdida Estado de daño No para préstamo Colección Biblioteca de origen Biblioteca actual Ubicación en estantería Fecha de adquisición Total de préstamos Signatura topográfica completa Código de barras Visto por última vez Precio de reemplazo Tipo de ítem Koha
        Colección de folletos Biblioteca del Ateneo de Madrid Biblioteca del Ateneo de Madrid Depósito folletos 17/01/2008   T-1022-F-1 1172724 23/02/2023 23/02/2023 Folleto